Tilastot visalle Suomenkieliset miesten nimet

Klikkaa tästä pelataksesi tätä visaa!

Yleistilastot

  • Tätä visaa on pelattu 9 574 kertaa
    (1 940 viimeisimmän päivityksen jälkeen)
  • Keskiarvotulos 249 / 450

Vastaustilastot

GroupNimi% Oikein
G1Ale
88%
G9Juha
87%
G1Aapo
86%
G1Aleksi
86%
G9Joona
86%
G1Aaro
85%
G1Antti
85%
G12Matti
85%
G12Mika
85%
G2Daniel
83%
G13Niko
83%
G9Jaakko
82%
G12Mikko
82%
G14Olli
82%
G11Lauri
81%
G10Kalle
80%
G15Pekka
80%
G4Eero
79%
G17Sami
79%
G17Samu
79%
G20Ville
79%
G4Eemeli
78%
G4Eemi
78%
G4Eetu
78%
G7Hannu
78%
G9Juhani
78%
G10Kari
78%
G4Elia
77%
G7Henri
77%
G8Iiro
77%
G9Janne
77%
G9Jari
77%
G9Jere
77%
G11Leevi
77%
G14Onni
77%
G14Oskar
77%
G21Yrjö
77%
G1Arttu
76%
G2Benjamin
76%
G4Eeli
76%
G7Heikki
76%
G9Jani
76%
G9Joonas
76%
G12Matias
76%
G12Mikael
76%
G18Timo
76%
G1Aatu
75%
G4Eino
75%
G4Elias
75%
G4Esko
74%
G13Niilo
74%
G14Oskari
74%
G1Asko
73%
G4Erkki
73%
G5Gabriel
73%
G8Ilmari
73%
G9Jukka
73%
G9Jussi
73%
G10Kim
73%
G12Markku
73%
G12Markus
73%
G1Ari
72%
G9Jarkko
72%
G9Juuso
72%
G10Kaapo
72%
G10Kai
72%
G13Niklas
72%
G15Paavo
72%
G15Paul
72%
G15Pertti
72%
G15Petri
72%
G17Santeri
72%
G20Valtteri
72%
G1Aapeli
71%
G1Aki
71%
G1Arto
71%
G4Eemil
71%
G8Ismo
71%
G9Jarmo
71%
G12Marko
71%
G17Samuel
71%
G18Tuomas
71%
G1Aaron
70%
G7Harri
70%
G9Jorma
70%
G9Juho
70%
G11Lasse
70%
G14Ossi
70%
G15Pauli
70%
G16Risto
70%
G18Tomi
70%
G1Aarne
69%
G9Johannes
69%
G9Joni
69%
G9Jonne
69%
G10Kasper
69%
G12Martti
69%
G15Petteri
69%
G17Seppo
69%
G18Tommi
69%
G20Veeti
69%
G1Aatos
68%
G1Akseli
68%
G1Aku
68%
G4Eelis
68%
G7Henrik
68%
G11Lassi
68%
G15Pasi
68%
G8Ilpo
67%
G9Jarno
67%
G9Joonatan
67%
G10Kimmo
67%
G12Mauno
67%
G16Raimo
67%
G17Sakari
67%
G17Samuli
67%
G17Saul
67%
G18Teemu
67%
G18Tero
67%
G19Urho
67%
G1Aarni
66%
G9Jesse
66%
G10Kalevi
66%
G10Keijo
66%
G14Olavi
66%
G14Otto
66%
G17Sauli
66%
G17Simo
66%
G19Usko
66%
G20Veikko
66%
G20Veli
66%
G1Aarre
65%
G1Antero
65%
G8Ilkka
65%
G16Reijo
65%
G17Saku
65%
G19Unto
65%
G20Viljami
65%
G1Antton
64%
G4Elmer
64%
G8Iivari
64%
G12Miika
64%
G15Pentti
64%
G16Riku
64%
G16Roope
64%
G18Toni
64%
G18Topi
64%
G20Väinö
64%
G1Aleksanteri
63%
G1Atte
63%
G8Iivo
63%
G9Jeremias
63%
G9Jimi
63%
G9Jouni
63%
G10Kaarlo
63%
G11Leo
63%
G11Luukas
63%
G12Miro
63%
G16Reino
63%
G18Taavi
63%
G20Vili
63%
G1Arvo
62%
G4Esa
62%
G7Hannes
62%
G10Kimi
62%
G18Tapio
62%
G18Toivo
62%
G1Alpo
61%
G2Daavid
61%
G4Elmeri
61%
G8Into
61%
G9Jalmari
61%
G9Jasper
61%
G9Joel
61%
G9Jyri
61%
G9Jyrki
61%
G14Oiva
61%
G14Otso
61%
G16Roni
61%
G18Tuomo
61%
G4Erno
60%
G9Julius
60%
G10Kaarle
60%
G11Lari
60%
G12Miikka
60%
G16Rami
60%
G18Tauno
60%
G20Viljo
60%
G1Anton
59%
G1Artturi
59%
G4Eerik
59%
G9Jesper
59%
G9Juhana
59%
G10Kasperi
59%
G12Mauri
59%
G12Miko
59%
G18Topias
59%
G18Tuukka
59%
G20Vesa
59%
G1Aimo
58%
G1Anssi
58%
G4Elmo
58%
G8Isto
58%
G9Jami
58%
G12Manu
58%
G16Rasmus
58%
G17Sampo
58%
G19Uuno
58%
G20Veikka
58%
G20Vilho
58%
G1Armas
57%
G9Jouko
57%
G12Miska
57%
G17Santtu
57%
G17Sulo
57%
G18Tapani
57%
G18Tarmo
57%
G8Ilari
56%
G9Joose
56%
G9Jori
56%
G10Kyösti
56%
G15Paavali
56%
G16Rauno
56%
G18Teppo
56%
G1Aappo
55%
G1Aarno
55%
G1Aatami
55%
G1Ahti
55%
G1Ali
55%
G1Arvi
55%
G5Frans
55%
G7Heimo
55%
G10Konsta
55%
G11Lenni
55%
G11Luka
55%
G15Patrik
55%
G18Taneli
55%
G19Uolevi
55%
G21Yrjänä
55%
G1Aadolf
54%
G1Aamos
54%
G1Anselmi
54%
G8Iikka
54%
G8Iisakki
54%
G9Jiri
54%
G10Karri
54%
G13Nikolas
54%
G15Panu
54%
G15Perttu
54%
G19Ukko
54%
G21Ylermi
54%
G1Alvar
53%
G7Henrikki
53%
G9Justus
53%
G18Taavetti
53%
G18Tino
53%
G1Anttoni
52%
G10Kustaa
52%
G14Oliver
52%
G14Osmo
52%
G15Pekko
52%
G18Taisto
52%
G18Teuvo
52%
G20Verneri
52%
G1Aatto
51%
G4Einari
51%
G5Felix
51%
G8Ilmo
51%
G10Kaino
51%
G13Nuutti
51%
G15Pyry
51%
G17Severi
51%
G18Teijo
51%
G19Untamo
51%
G20Vertti
51%
G1Aleksis
50%
G4Ensio
50%
G7Hans
50%
G7Heino
50%
G10Kerkko
50%
G10Kristian
50%
G15Petrus
50%
G16Raine
50%
G18Tatu
50%
G19Urpo
50%
G20Veijo
50%
G1Aulis
49%
G4Eerikki
49%
G7Hemmo
49%
G12Milo
49%
G13Noel
49%
G14Ossian
49%
G18Turo
49%
G7Herman
48%
G9Jooa
48%
G10Kaappo
48%
G10Kauno
48%
G13Nestori
48%
G14Oula
48%
G18Terho
48%
G1Atso
47%
G7Hermanni
47%
G10Kalervo
47%
G10Kauko
47%
G15Peetu
47%
G16Rikhard
47%
G1Auvo
46%
G4Erkka
46%
G9Jonni
46%
G10Kullervo
46%
G13Nikodemus
46%
G13Nooa
46%
G16Rainer
46%
G16Rauli
46%
G18Timi
46%
G1Aukusti
45%
G4Eevert
45%
G7Herkko
45%
G9Jaakkima
45%
G9Jaakob
45%
G10Kosti
45%
G10Kusti
45%
G12Mies
45%
G13Nikolai
45%
G15Pietari
45%
G15Pirkka
45%
G19Uljas
45%
G10Kaleva
44%
G12Manne
44%
G12Max
44%
G17Sampsa
44%
G17Sebastian
44%
G18Touko
44%
G19Urmas
44%
G20Valdemar
44%
G20Valo
44%
G20Valto
44%
G20Voitto
44%
G1Ano
43%
G1Arsi
43%
G4Edvard
43%
G4Eliel
43%
G4Eljas
43%
G7Hugo
43%
G14Ohto
43%
G14Okko
43%
G15Paulus
43%
G16Reima
43%
G16Robert
43%
G18Taito
43%
G20Väinämö
43%
G20Visa
43%
G1Aslak
42%
G1Asmo
42%
G9Jare
42%
G9Joosef
42%
G12Mainio
42%
G13Niila
42%
G18Tuure
42%
G1Ahto
41%
G1Altti
41%
G4Edvin
41%
G4Esaias
41%
G8Immo
41%
G9Jalo
41%
G12Miki
41%
G17Sulevi
41%
G18Tahvo
41%
G1Asser
40%
G1Auno
40%
G9Joakim
40%
G10Kaapro
40%
G10Keimo
40%
G1Alpi
39%
G1Alvi
39%
G1August
39%
G8Isko
39%
G9Jooseppi
39%
G13Nyyrikki
39%
G1Aarto
38%
G1Atro
38%
G8Ilppo
38%
G15Pellervo
38%
G16Robin
38%
G17Sisu
38%
G20Venni
38%
G1Allan
37%
G1Arhippa
37%
G4Ernesti
37%
G9Jaakoppi
37%
G11Lyly
37%
G12Maunu
37%
G13Niki
37%
G16Raino
37%
G16Reko
37%
G18Tenho
37%
G18Turkka
37%
G20Valio
37%
G20Vihtori
37%
G7Hemminki
36%
G10Kustavi
36%
G18Tiitus
36%
G8Ilja
35%
G8Immanuel
35%
G10Kuisma
35%
G11Leon
35%
G15Petja
35%
G17Sasu
35%
G17Sipi
35%
G20Vilhelm
35%
G1Albert
34%
G11Launo
34%
G14Orvo
34%
G15Päiviö
34%
G17Sylvester
34%
G20Veini
34%
G10Klaus
33%
G17Sippo
33%
G18Torsti
33%
G1Ahvo
32%
G1Arho
32%
G16Raafael
32%
G17Soini
32%
G17Sulho
32%
G18Toimi
32%
G10Konstantin
31%
G17Salomo
31%
G9Jose
30%
G13Neo
30%
G15Päivö
30%
G17Salomon
30%
G18Teo
30%
G9Jousia
29%
G10Kaius
29%
G17Silvo
29%
G18Tarvo
29%
G12Mio
28%
G20Valentin
28%
G20Viktor
28%
G1Alfred
27%
G1Andreas
27%
G4Eppu
27%
G9Jasu
27%
G16Rene
27%
G12Martin
26%
G19Uoti
26%
G20Vilppu
25%
G10Kevin
21%
G11Linus
20%
G16Rolf
20%

Tulosjakauma

Persentiili vastausten määrän mukaan

Jokaisen tuloksen saaneiden osuus

Tuloshistoriasi

Et ole pelannut tätä visaa sen viimeisimmän päivityksen jälkeen